Quizzes
Events
Quiz Creation
Community
Videos
Private Events
Remove Ads
Sign In
Join for FREE
Feedback
Dark Mode
Quiz Categories
Sports
Geography
Music
Movies
Television
Just For Fun
Miscellaneous
History
Literature
Language
Science
Gaming
Entertainment
Religion
Holiday
For Kids
Quiz Lab
Recent
Popular Today
Quiz Kudos Today
Editor Picks
Curator Picks
Quizzes by...
Day
Popularity
Type
Ratings
Length
Year
Community
Subscriptions
Recent Discussions
Orange Saloon
Badges
Playlists
Quests
Create
Leaderboards
Showdown
Live 5
Trivia Bingo
Activity
Puzzle Library
Sporcle Events
Private Events
Virtual Trivia
Globe League
Become a Host
Pub Owners
SporcleCon
Opinionation
Our Games
Videos
Blog
Mobile Apps
Partnerships
Remove Ads and Go Orange
Feedback
Literature
Harry Potter
A Song of Ice and Fire
The Hunger Games
Literary Character
Shakespeare
Book
Author
Novel
Poem
Young Adult
Children's Books
Play
Lord of the Rings
Literature
Harry Potter
A Song of Ice and Fire
The Hunger Games
Literary Character
Shakespeare
Book
Author
Novel
Poem
Young Adult
Children's Books
Play
Lord of the Rings
Random Quiz
Search Sporcle
×
Quiz Lab
Quiz Lab
Literature
Mark Twain
Type in answers that appear in a list
Type in answers that appear in a list
Classic
Best Score? Go Orange.
Speicher Semester 2 Exam Everything Stats
Can you name the works from the second semester?
By
Accel
20m
90 Questions
96 Plays
96 Plays
96 Plays
Comments
Comments
Give Quiz Kudos
Give Quiz Kudos
-
- Ratings
hide this ad
More Info
Forced Order
Answers have to be entered in order
Answers have to be entered in order
Random Order
Randomize order of answers
Randomize order of answers
Replay
Link that replays current quiz
Next Quiz
Link to next quiz in quiz playlist
You Got
0%
They Got
Avg Score
55%
Avg Friend Score
Upgrade to see
Score Distribution
Jump to the score distribution portion of the page
Score
0/90
Timer
20:00
0
Plays Today
Quote/Question
Work/author last name/answer
% Correct
'She is tolerable, but not handsome enough to tempt me,'
Pride and Prejudice
77.1%
Did Emily Dickinson name most of her poems?
No
76%
Who wrote 'The Raven?'
Poe
76%
Name the period of literature Lord Byron was a part of
Romanticism
74%
Is the narrator of the Oxen a child or an adult?
A child
74%
Who wrote 'So we'll go no more a roving?'
Lord Byron
74%
Who wrote 'I heard a fly buzz when I died?'
Dickinson
72.9%
Who wrote 'When We Two Parted?'
Lord Byron
72.9%
Who wrote 'She walks in beauty?'
Lord Byron
71.9%
Who wrote 'Ozymandias?'
Shelley
71.9%
'I cannot bear the idea of two young women traveling by themselves. It is highly improper.'
Pride and Prejudice
71.9%
Is 'Life on the Mississippi' a serious work or a work of satire?
Satire
71.9%
'While I nodded, nearly napping, suddenly there came a tapping, As of some one gently rapping'
The Raven
71.9%
Who wrote 'Ode to a Grecian Urn?'
Keats
70.8%
'Christmas Eve, and twelve of the clock, 'Now they are all on their knees,''
The Oxen
70.8%
Who wrote 'On First Looking Into Chapmans Homer?'
Keats
70.8%
Who wrote 'The Adventures of Huckleberry Finn?'
Twain
70.8%
Who wrote 'When I have fears that I may cease to be?'
Keats
70.8%
Who wrote 'England in 1819?'
Shelley
69.8%
Who wrote 'Walden?'
Thoreau
69.8%
'Oh, it's de dad-
blame' witches, sah, en I wisht I was dead, I do.'
The Adventures of Huckleberry Finn
69.8%
Who wrote 'Civil Disobedience?'
Thoreau
68.8%
What period of literature was Mark Twain a part of?
Realism
68.8%
Who wrote 'Ode to a Nightingale?'
Keats
68.8%
Who wrote 'Ode to the West Wind?'
Shelley
67.7%
Who wrote 'There is a certain slant of light?'
Dickinson
67.7%
Who wrote 'Much madness is the divinest sense?'
Dickinson
66.7%
Who wrote 'This is my letter to the world?'
Dickinson
65.6%
Who wrote 'The Importance of Being Earnest?'
Wilde
64.6%
'Through public scorn-
mud from a muddy spring'
England in 1819
64.6%
Quote/Question
Work/author last name/answer
% Correct
'I went to the woods because I wished to live deliberately,'
Walden
64.6%
'I felt good and all washed of clean of sin for the first time I had ever felt so in my life,'
The Adventures of Huckleberry Finn
63.5%
'That government is best which governs not at all;'
Civil Disobedience
62.5%
'England in 1819' is a social _
_
_
_
_
_
_
_
_
_
_
.
Criticism
62.5%
Who wrote 'When I Heard the Learned Astronomer?'
Whitman
62.5%
'Once upon a midnight dreary, while I pondered weak and weary,'
The Raven
61.5%
Who wrote 'Song of Myself?'
Whitman
61.5%
Who wrote 'Dover Beach?'
Arnold
61.5%
'These are the kind of little things which please her ladyship, and it is a sort of attention which I conceive myself peculiarly bound to pay'
Pride and Prejudice
60.4%
'Thou wast not born for death, immortal Bird!'
Ode to a Nightingale
60.4%
What is the theme of 'Ozymandias?'
sic transit gloria
59.4%
'To whom I leave the scepter and the isle'
Ulysses
59.4%
'We pictured the meed mild creatures where, They dwelt in their strawy pen'
The Oxen
59.4%
'The Sea of Faith was once too, at the full, and round earth's shore'
Dover Beach
59.4%
'Then the smiles stopped together. There she stands as if alive.'
My Last Duchess
58.3%
'Wild Spirit, which art moving everywhere; Destroyer and preserver; hear, oh, hear!'
Ode to the West Wind
57.3%
Who wrote 'Ulysses?'
Tennyson
57.3%
Who is taking over Ulysses position as king?
His son
56.3%
What movement was Henry David Thoreau a part of?
Transcendentalism
56.3%
What period of literature is 'The Importance of Being Earnest' in?
Romanticism
56.3%
'How should I greet thee? With silence and tears.'
When We Two Parted
56.3%
'Listen! You hear the grating roar of pebbles which the waves draw back and fling'
Dover Beach
56.3%
What stanza type is used in 'Ode to the West Wind?'
terza rima
55.2%
Who wrote 'The Oxen?'
Hardy
55.2%
'But leech-
like to their fainting country cling'
England in 1819
55.2%
Who wrote 'Life on the Mississippi?'
Twain
54.2%
'Too easily impressed: she liked whate'er she looked on'
My Last Duchess
54.2%
'Wrinkled lip and sneer of cold command, tell that its sculptor well those passions read'
Ozymandias
53.1%
'My gift of a nine-
hundred-
years-
old name with anybody's gift.'
My Last Duchess
53.1%
Who wrote 'Self-
Reliance?'
Emerson
52.1%
Quote/Question
Work/author last name/answer
% Correct
'The mass of men lead lives of quiet desperation'
Walden
50%
'The canal boy trots on the tow-
path, the book-
keeper counts at his desk, the shoe-
maker waxes his thread;'
Song of Myself
50%
Who wrote 'My Last Duchess?'
Robert Browning
50%
'Bold Lover, never, never canst thou kiss, Though winning near the goal -
yet do not grieve'
Ode to a Grecian Urn
49%
What is the meter of 'There is a certain slant of light?'
Common meter
49%
'Yet did I never breathe its pure serene, Till I hear Chapman speak out loud and bold;'
On First Looking Into Chapmans Homer
49%
Who wrote 'Thanatopsis?'
Bryant
47.9%
'For the sword outwears its sheath, and the soul wears out the breast.'
So we'll go no more a roving
46.9%
'Tasting of Flora and the country green, Dance, and Provencal song, and sunburnt mirth!'
Ode to a Nightingale
45.8%
'Then I felt like some watcher of the skies, When a new planet swims into his ken;'
On First Looking Into Chapmans Homer
44.8%
'Though the night was made for loving, and the day returns too soon'
So we'll go no more a roving
44.8%
'How soon unaccountable I became tired and sick; Till rising and gliding out I wandered by myself; In the mystical moist night air,'
When I Heard the Learned Astronomer
40.6%
'They know not I knew thee, Who knew thee too well.'
When We Two Parted
40.6%
'A man should learn to detect and watch that gleam of light which flashes across his mind from within'
Self-Reliance
39.6%
'Pale grew thy cheek and cold, Colder thy kiss, Truly that hour foretold sorrow to this'
When We Two Parted
39.6%
'What men or gods are these? What maidens loth? What mad persuit? What struggle to escape?'
Ode to a Grecian Urn
37.5%
What is the rhyme scheme of 'There is a certain slant of light'
Slant rhyme
37.5%
'And think that I may never live to trace their shadows, with the magic hand of chance;'
When I have fears that I may cease to be
37.5%
'Assent and you are sane, dumur, you're straightaway dangerous'
Much madness is the divinest sense
36.5%
'Her message is committed to hands I cannot see-
For love of Her-
sweet-
countrymen judge tenderly of me'
This is my letter to the world
36.5%
'One shade the more, one ray the less, Had half impair'd the nameless grace'
She walks in Beauty
34.4%
'Winter afternoons-
The oppresses like the heft of Cathedral tunes'
There is a certain slant of light
34.4%
'Thou shalt lie down, With patriarchs of the infant world,-
with kings,'
Thanatopsis
34.4%
'The city sleeps and the country sleeps; The living sleep for their time, the dead sleep for their time'
Song of Myself
34.4%
'I am become a name; For always roaming with a hungry heart; Much I have seen and known'
Ulysses
32.3%
'Of the wide world I stand alone and think, Till love and fame to nothingness do sink.'
When I have fears that I may cease to be
29.2%
'Here, where men sit and hear each other groan; Where palsy shakes a few, sad last grey hairs'
Ode to a Nightingale
27.1%
'I willed my keepsakes, signed away; What portion of me I could make assignable'
I heard a fly buzz when I died
22.9%
'Go forth under the open sky, and list to nature's teachings while from all around-
Earth and her waters'
Thanatopsis
20.8%
What is the main theme of the poem Ode to a Grecian Urn?
artis long; vita brevis
17.7%
Quiz Playlist
Details
Report
Send in Message
Add To Playlist
More Info:
This is a very detailed quiz which probably takes longer than 20 minutes to complete.
Classic:
Type in answers that appear in a list
Forced Order:
Answers have to be entered in order
Random Order:
Randomize order of answers
Last Updated: Feb 16, 2017
Quiz Scoreboard
CHALLENGE
Sign Up to Join the Scoreboard
Show All
Scores
Hide
Comments
May contain spoilers
Recently Published
Movies - When Are They Set?
by FPL_Elf
Movies
5m
Popular People in 1961
by mucciniale
History
6m
1-10 Letter E Words III
by El_Dandy
Language
2m
More to Explore
Quiz From the Vault
Featured Blog Post
Where Did the Easter Bunny Come From?
hide this ad
You Might Also Like...
Tags
Mark Twain
tps
Today's Top Quizzes in Literature
Browse Literature
hide this ad
Today's Top Quizzes in Mark Twain
Browse Mark Twain
Top Contributed Quizzes in Literature
1
Sneaky Slytherin Logic Puzzle
2
One Thing in Common: Literature
3
Get The Picture: Black or White Literature
4
Weasley Family Reunion: Logic Puzzle
5
One Thing in Common: Literature II
6
Harry Potter Neighbourly Logic Puzzle #5
7
Lily Potter Start to Finish
8
One Thing in Common: Literature 3
9
One Thing in Common: Books
10
ASOIAF Logic Puzzle [Difficult] [Read Note first!!]
Explore More
Trending Topics
Marvel
Crossword
NBA
Kpop
Disney
Anime
Harry Potter
Country
Song
The Office
Puzzle
Soccer
NFL
WWE
Pokémon
hide this ad
More By:
Accel
Quiz
Plays
Rating
Category
Featured
Created
The Crucible Quote Identification
8,040
5.00
Literature
Dec 14, 2010
Minor Huckleberry Finn Characters
1,706
Literature
May 15, 2011
Pride and Prejudice Master Collection
1,136
3.00
Literature
Feb 28, 2011
Toni Morrison's Beloved Quiz
1,100
5.00
Literature
Oct 23, 2011
Jane Eyre Master Collection
657
3.00
Literature
Aug 17, 2011
Go to Creator's Profile
Score Distribution
Quiz Creator Spotlight
Accel
Follow
Send a Message
Quizzes Created
-
Created Quiz Play Count
-
More By This Creator
Popular Quizzes Today
1
Find the US States - No Outlines Minefield
2
Find the Countries of Europe - No Outlines Minefield
3
The Countries of the World
4
Popular People in 1961
5
1-10 Letter E Words III
6
US States
7
Find the US States
8
One Thing in Common: World Cities II
More Literature Quizzes
Dahl Books, Featuring...
Editor's Pick
Trending Quizzes
Risky Map Clicking: Least Populous States A-Z
1-10 Letter F Words
1-10 Letter G Words
One Thing in Common: United Kingdom
Risky Map Clicking: Next State Alphabetically
Recently Updated
Leaping Animals
pecheneg
Reality TV Shows (A-Z)
bhenderson79
Rickey Henderson's Hall of Fame Teammates
pecheneg
Champions League XIs: Arsenal
pecheneg
Quick Pick: Celebrities in WWE's Hall of Fame
aduchscher
A-Z Keypad Blitz II
pecheneg
Multiple Oscar Actors
pecheneg
Mystery Phrase Blitz: Oscar 'Best Actors'
pecheneg
F. Scott Fitzgerald Novels
LTH
Pick 3 Villains
ddd62291
Trending Topics
Marvel
Harry Potter
Anime
NBA
Crossword
Disney
Kpop
NFL
Puzzle
The Office
Soccer
WWE
Country
Song
Pokémon
Your Account Isn't Verified!
In order to create a playlist on Sporcle, you need to verify the email address you used during registration. Go to your
Sporcle Settings
to finish the process.
Report this User
Report this user for behavior that violates our
Community Guidelines
.
Details:
Send Report
Go to the Sporcle.com Mobile Site →
Comments